• 首页
  • 本馆介绍
  • 公告通知
  • 最新文献
  • 馆藏检索
  • 电子资源
  • 读者导购
  • 参考咨询
  • 我的图书馆
  • 登录
  • 详细信息显示
  • 放入我的书架
  • 预约/预借图书
  • 作者相关作品
  • 分类相关作品
  • 丛书相关作品
  • 出版社相关作品

书目信息

  • 表格格式
  • 工作单格式
  • 卡片格式
题名:
中国纪行
    
 
作者: 阿克巴尔 著 ;张至善 , 张铁伟 , 岳家明 译
分册:  
出版信息: 北京   华文出版社  2016
页数: 28,269页
开本: 23cm
丛书名: 中外关系史典藏丛书
单 册:
中图分类: I264.8
科图分类:
主题词: 游记--作品集--中国--明代
电子资源:
ISBN: 978-7-5075-4463-3
000 00857oam2 2200277 450
001 7091
005 20180604181548.59
010    @a978-7-5075-4463-3@b精装@dCNY48.00
100    @a20160223d2016 em y0chiy50 ea
101 1  @achi@cper
102    @aCN@b110000
105    @aa z 000cy
200 1  @a中国纪行@9zhong guo ji xing@b专著@f(波斯)阿里·阿克巴尔著@g张至善,张铁伟,岳家明译
210    @a北京@c华文出版社@d2016
215    @a28,269页@c图,照片@d23cm
225 1  @a中外关系史典藏丛书
300    @a丝路文库
461  0 @12001 @a中外关系史典藏丛书
606 0  @a游记@x作品集@y中国@z明代
690    @aI264.8@v5
701  0 @c(波斯)@a阿克巴尔@9a ke ba er@4著
702  0 @a张至善@9zhang zhi shan@4译
702  0 @a张铁伟@9zhang tie wei@4译
702  0 @a岳家明@9yue jia ming@4译
801  0 @aCN@b91MARC@c20160302
905    @aMuseLib@dI264.8@e2951
    
    中国纪行/(波斯)阿里·阿克巴尔著/张至善,张铁伟,岳家明译.-北京:华文出版社,2016
    28,269页:图,照片;23cm.-(中外关系史典藏丛书)
    丝路文库
    
    ISBN 978-7-5075-4463-3(精装):CNY48.00
    
●
相关链接 在E读中查询图书 在五车中查询图书 在当当中查询图书 在豆瓣中查询图书


正题名:中国纪行     索取号:I264.8/2951         预约/预借

序号 登录号 条形码 馆藏地/架位号 状态 备注
1 1116429   211164292   第一样本阅览室/ [索取号:I264.8/2951] 在馆    
2 1116430   211164309   教育系资料室/ [索取号:I264.8/2951] 在馆    
3 1116431   211164318   教育系资料室/ [索取号:I264.8/2951] 在馆    
4 1116432   211164327   第二借阅区/ [索取号:I264.8/2951] 在馆    
唐山师范学院图书馆 欢迎您!
大连网信软件有限公司© 版权所有